| 000 | 01047nam a2200289 i 4500 | ||
|---|---|---|---|
| 003 | EG-GICUC | ||
| 005 | 20260121101350.0 | ||
| 008 | 251126s1985 ua ||||fr|||| 00| 0 ara d | ||
| 040 |
_a EG-GICUC _bara _c EG-GICUC _d EG-GICUC _erda |
||
| 041 | 0 | _aara | |
| 082 | 0 | 4 |
_221 _a343.435 _bم ع . و |
| 092 | 0 | 4 | _221 |
| 099 | _aLaw1 10 343.435 م ع . و 1985 | ||
| 100 | 0 |
_aمعوض عبدالتواب _eمؤلف. |
|
| 245 | 1 | 2 |
_aالوسيط في شرح قانوني : _b الأسلحة والذخائر والتشرد والاشتباه / _cمعوض عبدالتواب. |
| 264 | 1 |
_aالإسكندرية : _bمنشأة المعارف، _c{1985}. |
|
| 300 |
_a193 صفحة ؛ _c24 سم. |
||
| 336 |
_2rda content _atext |
||
| 337 |
_2rda media _aComputer |
||
| 338 |
_2rda carrier _aOnline Resource |
||
| 546 | _aالنص باللغة العربية | ||
| 650 | 1 | 4 | _aالإرهاب |
| 650 | 1 | 4 | _aالقانون الجنائي |
| 856 | 4 | 0 | _uhttps://fll.law.cu.edu.eg/fulltext/bks/B10-06238.pdf |
| 905 |
_a77 _eHassnaa |
||
| 942 |
_2ddc _cBK _e21 _n0 |
||
| 999 |
_c46354 _d46354 |
||